000 00338nam a2200145Ia 4500
008 191201s2007 xx 000 0 und d
082 _a658.80285
_bKAF
100 _aKALAKOTA, Ravi
245 0 _aFrontiers of Electronic Commerce
250 _aIMP
260 _aN.Delhi
_bPearson
_c2007
300 _a864
650 _aMBA
942 _2ddc
_cBK
999 _c465
_d465